000
00262nam a2200097Ia 4500
001
1191574
005
20250827021637.0
008
250824s9999 xx 000 0 und d
245
0
_a
ŞAKACI HORTLAK İŞ BAŞINDA
_c
MELEK GÜNGÖR
260
_b
ALTIN KİTAP YAYINLARI
999
_c
1191574
_d
1191574